000
00313nam a2200121Ia 4500
008
191201s2007 xx 000 0 und d
100
_a
BROWN, P. J.
245
0
_a
Nanofibers and Nanotechnology in Textile
260
_a
N.Delhi
_b
Woodhead Publisher
_c
2007
300
_a
528
650
_a
B.Tech(TE)
942
_2
ddc
_c
BK
999
_c
3626
_d
3626